| 000 | 01262nam a2200229Ia 4500 | ||
|---|---|---|---|
| 003 | Ost | ||
| 005 | 20260507075435.0 | ||
| 008 | 260507s9999||||xx |||||||||||||| ||und|| | ||
| 020 | _a9774220439 | ||
| 040 | _cfsecg | ||
| 041 | _aara | ||
| 082 | _a657 | ||
| 100 |
_aالقباني، ثناء علي _eمؤلف |
||
| 245 | 0 |
_aمحاسبة شركات الاشخاص / _c ثناء علي القباني |
|
| 260 |
_aالاسكندرية: _bالدار الجامعية, _c2008 |
||
| 300 |
_a432 صفحة؛ _bإيضاحات ؛ _c24 سم |
||
| 520 | _aتنظيم عمليات شركات التضامن، التغيرات في شركات التضامن، تصفية شركات الأشخاص، شركات التوصية البشيطة والمشروعات المشتركة، تحويل شركة الأشخاص إلى شركة أموال، التسويات الجردية في شركات الأشخاص، الأصول الجارية، التسويات الجردية في شركات الأشخاص، الأصول الثابثة والاستهلاك، التسويات الجردية في شركات الأشخاص، الالتزامات | ||
| 653 | _aالشركات-تضامن | ||
| 653 | _aالمحاسبة | ||
| 653 | _aالمشروعات | ||
| 942 | _cكتاب | ||
| 999 |
_c44536 _d44536 |
||